Former Eastern German Cities - Statistics

General Stats
  • This quiz has been taken 103 times
  • The average score is 9 of 19
Answer Stats
Modern Name Historical Region/Province German Name % Correct
Gdańsk West Prussia Danzig
96%
Szczecin Pomerania Stettin
87%
Kaliningrad East Prussia Königsberg
83%
Wrocław Silesia Breslau
79%
Poznań Posen Posen
76%
Klaipėda East Prussia Memel
49%
Opole Silesia Oppeln
45%
Olsztyn East Prussia Allenstein
40%
Toruń West Prussia Thorn
40%
Kolobrzeg Pomerania Kolberg
39%
Bydgoszcz Posen Bromberg
37%
Elbląg West Prussia Elbing
36%
Gdynia West Prussia Gdingen
31%
Malbork West Prussia Marienburg
31%
Sovetsk East Prussia Tilsit
31%
Legnica Silesia Liegnitz
29%
Kostrzyn nad Odrą Pomerania Küstrin
28%
Bytom Silesia Beuthen
26%
Koszalin Brandenburg/Neumark Köslin
26%
No matching quizzes found
Score Distribution
Percent of People with Each Score
Percentile by Number Answered
Your Score History
You have not taken this quiz